LIBRARY & INFORMATION CENTRE, KCAET, TAVANUR

ONLINE PUBLIC ACCESS CATALOGUE (OPAC)

Invertebrates, Vol 4 / (Record no. 10839)

MARC details
000 -LEADER
fixed length control field 00483cam a2200193ua 4500
041 ## - LANGUAGE CODE
Language code of text/sound track or separate title eng
082 ## - DEWEY DECIMAL CLASSIFICATION NUMBER
Classification number 593.9
Item number HYM/IN
100 ## - MAIN ENTRY--AUTHOR NAME
Personal name Hyman, Libbie Henrietta .
245 ## - TITLE STATEMENT
Title Invertebrates, Vol 4 /
250 ## - EDITION STATEMENT
Edition statement 1 /
260 ## - PUBLICATION, DISTRIBUTION, ETC. (IMPRINT)
Place of publication New York :
Name of publisher McGraw Hill Book Company ,
Year of publication 1955.
300 ## - PHYSICAL DESCRIPTION
Number of Pages 763 ; .
942 ## - ADDED ENTRY ELEMENTS (KOHA)
Koha item type Books
Holdings
Withdrawn status Lost status Damaged status Home library Current library Date acquired Full call number Accession Number Koha item type
      KAUAET KAUAET 07/04/2012 593.9 4892 Books
free website counter